The Rookie Characters - Statistics

General Stats
  • This quiz has been taken 2,386 times
  • The average score is 13 of 20
Answer Stats
Hint Answer % Correct
Oldest Rookie John Nolan
98%
Called Boot by their Training Officer Lucy Chen
97%
Wife of a Lawyer Angela Lopez
95%
Joined Metro because of a relationship Tim Bradford
95%
Dad is a Cop Jackson West
92%
The other detective Nyla Harper
84%
Laziest Cop Smitty
80%
Husband who is a lawyer Wesley Evers
75%
The wife of the main character Bailey Nune
73%
Season 5's rookie Celina Juarez
65%
Annoying German Randy
61%
Female Serial Killer Roslind Dyer
60%
Became a cop because of a murder case Aaron Thorsen
58%
The Boss Sergeant Grey
53%
Works at the community Center James Murray
52%
Evil Lawyer Monica Stevens
48%
Prisoner Oscar Hutchinson
45%
Biggest drug dealer Elijah Stone
42%
Roommate of a cop Tamara Colins
37%
Rookie Psychiatrist Blair London
36%
No matching quizzes found
Score Distribution
Percent of People with Each Score
Percentile by Number Answered
Your Score History
You have not taken this quiz